LEADER 00816nam0-22003011i-450- 001 990000858270403321 005 20051125111849.0 010 $a0-8247-8672-6 035 $a000085827 035 $aFED01000085827 035 $a(Aleph)000085827FED01 035 $a000085827 100 $a20020821d1992----km-y0itay50------ba 101 0 $aeng 105 $ay-------001yy 200 1 $aTheory of distributions$fM.A. Al-Gwaiz 210 $aNew York$cMarcel Dekker$d1992 215 $aIX, 257 p.$d23 cm 225 1 $aPure and applied mathematics$v159 676 $a515.782 700 1$aAl-Gwaiz,$bM. A.$059598 801 0$aIT$bUNINA$gRICA$2UNIMARC 901 $aBK 912 $a990000858270403321 952 $a02 32 D 30$b6541$fFINBN 959 $aFINBN 996 $aTheory of distributions$9349685 997 $aUNINA LEADER 01138nam0-22003371i-450- 001 990001612540403321 005 20071108143454.0 035 $a000161254 035 $aFED01000161254 035 $a(Aleph)000161254FED01 035 $a000161254 100 $a20030910d1916----km-y0itay50------ba 101 0 $aita 102 $aIT 105 $ay-------001yy 200 1 $aRelazione generale sulla amministrazione delle finanze durante l'esercizio dal 1. luglio 1914 al 30 giugno 1915$fpresentata alla Camera dei Deputati dal Ministro delle Finanze (Daneo) 210 $aRoma$cTip. della Camera dei Deputati$d1916 215 $a254 p.$d29 cm 610 0 $aFinanza pubblica 676 $a336 702 1$aDaneo,$bEdoardo 710 01$aItalia.$bMinistero delle finanze$0356818 801 0$aIT$bUNINA$gRICA$2UNIMARC 901 $aBK 912 $a990001612540403321 952 $a60 336 A 8$b23544$fFAGBC 952 $a13 K 26 21$b2939$fFINBC 959 $aFAGBC 959 $aFINBC 996 $aRelazione generale sulla amministrazione delle finanze durante l'esercizio dal 1. luglio 1914 al 30 giugno 1915$9369258 997 $aUNINA